Statistiques concernant Paroles : Petite Marie - Francis Cabrel

Cliquez ici pour prendre le quiz!

Statistiques générales

  • Ce quiz a été pris 643 fois
  • Le résultat moyen est 210 sur 245

Statistiques - réponses

Paroles % Correct
Petite
100%
Marie,
100%
petite
100%
ma
100%
de
99%
toi
99%
De
99%
Je
98%
je
98%
parle
97%
Que
97%
ta
97%
Le
97%
le
97%
à
97%
que
97%
et
95%
les
95%
un
95%
du
95%
Et
95%
se
94%
vie
94%
Sur
94%
sur
94%
qui
94%
Ne
94%
Des
93%
des
93%
voix
92%
étoiles
92%
ciel
92%
elles
92%
tu
92%
parlent
92%
ses
92%
entre
91%
mains
91%
bois
90%
fait
90%
morceau
90%
viens
90%
milliers
89%
musicien
89%
roses
89%
me
89%
la
88%
jouer
88%
Au
88%
D'un
88%
dans
87%
pour
87%
Dans
87%
plus
87%
ça
87%
Tes
87%
Pour
87%
qu'avec
85%
Parce
85%
amour
83%
as
83%
furie,
83%
bleu
82%
petites
82%
mille
81%
manies,
80%
autour
80%
dix
79%
leur
79%
ans
79%
une
75%
bats
74%
On
73%
sous
69%
Sous
69%
aussi
68%
C'est
67%
joli
66%
dis
65%
ton
64%
versé
64%
doigt
64%
chaque
64%
rue
62%
mes
62%
bague
61%
pénombre
60%
retrouve
60%
moi
60%
m'entends-tu?
59%
n'attends
59%
partir
56%
nuit
56%
l'abri,
56%
yeux
55%
j'avais
54%
toit
53%
écrite
53%
sont
50%
froid
50%
transi
50%
ballade
50%
tuile
49%
t'attends
49%
soleil
48%
pleurent
46%
vent
45%
poches
44%
vides
44%
froide
41%
Floride,
41%
renvoie
40%

Distribution des résultats

Percentile par nombre de réponses

% des personnes avec chaque résultat

Votre développement - résultats

Vous n’avez pas pris ce quiz